[Event "Dulles Skyline op-A"]
[Site "Dulles"]
[Date "2022.10.10"]
[Round "6"]
[White "Martin, Zachary D"]
[Black "Chandi, Ishnoor"]
[Result "1/2-1/2"]
[WhiteElo "1968"]
[BlackElo "1766"]
[PlyCount "74"]
[EventDate "2022.10.08"]
[EventType "swiss"]
[EventRounds "6"]
[EventCountry "USA"]
[SourceTitle "CBM 210 Extra"]
[Source "ChessBase"]
[SourceDate "2022.11.30"]
[SourceVersion "1"]
[SourceVersionDate "2022.11.30"]
[SourceQuality "1"]

1. e4 c5 2. Nf3 Nc6 3. Bb5 g6 4. 0-0 Bg7 5. Re1 Nf6 6. c3 0-0 7. d4 cxd4 8. cxd4 d5 9. e5 Ne4 10. Bxc6 bxc6 11. Be3 f6 12. exf6 Rxf6 13. Ne5 Qc7 14. Qc1 Bd7 15. Nc3 Nxc3 16. Qxc3 Rf5 17. Rac1 Rc8 18. b4 a5 19. Nxd7 Qxd7 20. b5 c5 21. a4 Rff8 22. Qd2 cxd4 23. Bxd4 Bxd4 24. Qxd4 Qd6 25. Qd2 e6 26. g3 Qb6 27. Rxc8 Rxc8 28. Qe3 Qxe3 29. fxe3 Kf7 30. b6 Rb8 31. Rb1 Ke7 32. b7 Kd7 33. Rb6 e5 34. e4 dxe4 35. Rb5 Kc6 36. Rxa5 Rxb7 37. Rxe5 Rb4 1/2-1/2

[Event "Dulles Skyline op-A"]
[Site "Dulles"]
[Date "2022.10.09"]
[Round "3"]
[White "Moorhouse, Will"]
[Black "Martin, Zachary D"]
[Result "0-1"]
[WhiteElo "1707"]
[BlackElo "1968"]
[PlyCount "92"]
[EventDate "2022.10.08"]
[EventType "swiss"]
[EventRounds "6"]
[EventCountry "USA"]
[SourceTitle "CBM 210 Extra"]
[Source "ChessBase"]
[SourceDate "2022.11.30"]
[SourceVersion "1"]
[SourceVersionDate "2022.11.30"]
[SourceQuality "1"]

1. e4 c5 2. d4 cxd4 3. Nf3 d6 4. Nxd4 Nf6 5. Nc3 Nc6 6. Be2 g6 7. Be3 Bg7 8. 0-0 0-0 9. h3 Bd7 10. f4 Rc8 11. Qd2 a6 12. Rad1 Qa5 13. Nxc6 Bxc6 14. Nd5 Qd8 15. Bb6 Qe8 16. Nxf6+ Bxf6 17. Qb4 Bb5 18. Bxb5 Qxb5 19. Qxb5 axb5 20. Rf2 Ra8 21. c3 Rxa2 22. Rd5 Bh4 23. Rfd2 Bg3 24. Be3 Ra1+ 25. Rd1 Rfa8 26. Kf1 Rxd1+ 27. Rxd1 Ra2 28. Ke2 g5 29. fxg5 Rxb2+ 30. Kf3 Be5 31. Bd4 Rb3 32. Bxe5 dxe5 33. Kg4 Rxc3 34. Rd7 e6 35. Rxb7 Re3 36. Rxb5 Rxe4+ 37. Kf3 Rf4+ 38. Ke3 Rf5 39. h4 Kg7 40. g3 e4 41. Rxf5 exf5 42. g4 fxg4 43. Kxe4 h5 44. gxh6+ Kxh6 45. Kf4 f5 46. Kxf5 g3 0-1